000 00668nam a2200217Ii 4500
003 JO-AjNU
008 230605s9999||||xx |||||||||||||| ||und||
017 _a1976/4542
020 _a977-246-451-9
040 _aJO-AjNU
_bara
_erda
_cJO-AjNU
041 _aara
050 1 4 _aPJ7507.R8 1976
100 3 _aالربيعي،محمود,
_eauthor
_97736
245 0 0 _aنصوص من النقد العربي
264 3 1 _aالقاهرة: دار المعارف بمصر، 1976
300 _a82ص
336 _atext
_btxt
_2rdacontent
337 _aunmediated
_bn
_2rdamedia
338 _avolume
_bnc
_2rdacarrier
650 4 _aالأدب العربي-تاريخ ونقد
_97737
999 _aA431
_c3999
_d3999